Online
Catalog

Planificación y programación social : (Record no. 1292)

MARC details
000 -CABECERA
campo de control de longitud fija 00787cam a2200205 a 4500
001 - NÚMERO DE CONTROL
campo de control 000001366
005 - FECHA Y HORA DE LA ÚLTIMA TRANSACCIÓN
campo de control 20210615115147.0
008 - DATOS DE LONGITUD FIJA--INFORMACIÓN GENERAL
campo de control de longitud fija 950331s1986 cr a b 000 0 spa
020 ## - NÚMERO INTERNACIONAL ESTÁNDAR DEL LIBRO
Número Internacional Estándar del Libro 9977670161
040 ## - FUENTE DE LA CATALOGACIÓN
Centro catalogador/agencia de origen DO-SdBNP
Lengua de catalogación spa
Centro/agencia transcriptor BNPHU
082 ## - NÚMERO DE LA CLASIFICACIÓN DECIMAL DEWEY
Número de clasificación 361.6198
Número de documento/Ítem P592p
100 1# - ENTRADA PRINCIPAL--NOMBRE DE PERSONA
Nombre de persona Pichardo Muñiz, Arlette,
Fechas asociadas al nombre 1957-
9 (RLIN) 4580
245 10 - MENCIÓN DE TÍTULO
Título Planificación y programación social :
Resto del título bases para el diagnóstico y la formulación de programas y proyectos sociales /
Mención de responsabilidad, etc. Arlette Pichardo Muñiz.
260 ## - PUBLICACIÓN, DISTRIBUCIÓN, ETC.
Lugar de publicación, distribución, etc. San José, Costa Rica :
Nombre del editor, distribuidor, etc. Universidad de Costa Rica,
Fecha de publicación, distribución, etc. 1986.
300 ## - DESCRIPCIÓN FÍSICA
Extensión 225 p. :
Otras características físicas il. ;
Dimensiones 21 cm.
500 ## - NOTA GENERAL
Nota general Reimpresión de la primera edición
590 ## - NOTA LOCAL (RLIN)
Nota local Inventariado, 2019/VM
650 #4 - PUNTO DE ACCESO ADICIONAL DE MATERIA--TÉRMINO DE MATERIA
Término de materia o nombre geográfico como elemento de entrada Política social
Subdivisión geográfica América Latina
9 (RLIN) 4581
650 #4 - PUNTO DE ACCESO ADICIONAL DE MATERIA--TÉRMINO DE MATERIA
Término de materia o nombre geográfico como elemento de entrada Planificación
Subdivisión geográfica América Latina
9 (RLIN) 4582
Holdings
Estado de retiro Estado de pérdida Restricciones de uso No para préstamo Código de colección Localización permanente Ubicación/localización actual Ubicación en estantería Fecha de adquisición Número de inventario Total de préstamos Signatura topográfica completa Código de barras Fecha visto por última vez Precio válido a partir de Tipo de ítem Koha Número de copia
    Préstamo interno   Monografías: Libros y Folletos General General Depósito 21.07.2009 LF1   361.6198 P592p 1366-10 25.06.2020 25.06.2020 Préstamo interno  
    Préstamo restringido Préstamo restrigido Monografías: Libros y Folletos General General Depósito 26.01.2010 LF1   361.6198 P592p 1366-20 25.06.2020 25.06.2020 Préstamo interno e. 2

Powered by Koha